000 00393nam a2200169Ia 4500
001 7567
003 IN-NITTTR
005 20251114233029.0
008 251113s9999||||xx |||||||||||||| ||eng||
040 _beng
040 _cIN-NITTTR
041 _aeng
082 _a574.1927 L579H
245 0 _aHormones and behavior. /
_cLevine, Seymour, ed.
700 _aLevine, Seymour
942 _2ddc
_cBK
999 _c10205
_d10205